[Event "jingle ring jingle all the sea"]
[Site "SchemingMind.com"]
[Date "2007.12.19"]
[Round "-"]
[White "Schaakmaatje"]
[Black "Archon"]
[Result "0-1"]
[WhiteCountry "NED"]
[BlackCountry "CAN"]
[WhiteElo "1755"]
[WhiteRD "48"]
[BlackElo "1763"]
[BlackRD "53"]
[GameID "133343"]

1. e4 d6 2. d4 Nf6 3. Bd3 e5 4. Ne2 Be7 5. O-O Nbd7 6. Bg5 h6 7. Bh4 O-O 8. f3 Nh5 9. Bf2 exd4 10. Bxd4 Bf6
11. c3 Bxd4+ 12. cxd4 Nhf6 13. Nbc3 Nb6 14. Rc1 a6 15. b4 Bd7 16. a4 Qe8 17. b5 axb5 18. Nxb5 Bxb5 19. axb5 Ra2 20. Rxc7 Qa8
21. Nf4 Qa7 22. Kh1 Qa3 23. Qc1 g5 24. Rc3 Qxc1 25. Rfxc1 gxf4 26. Bc2 Rfa8 27. Bb3 Ra1 28. h3 Rxc1+ 29. Rxc1 Ra3 30. Bd1 Ne8
31. Kh2 Rd3 32. Be2 Rxd4
0-1

[Event "jingle ring jingle all the sea"]
[Site "SchemingMind.com"]
[Date "2007.12.19"]
[Round "-"]
[White "josecapa"]
[Black "Archon"]
[Result "1-0"]
[WhiteCountry "JAM"]
[BlackCountry "CAN"]
[WhiteElo "1977"]
[WhiteRD "80"]
[BlackElo "1776"]
[BlackRD "57"]
[GameID "133344"]

1. d4 d6 2. c4 e5 3. dxe5 dxe5 4. Qxd8+ Kxd8 5. Nf3 f6 6. Nc3 c6 7. e4 Be6 8. Be3 Kc7 9. O-O-O Na6 10. Be2 Bc5
11. Bxc5 Nxc5 12. b4 Nd7 13. Rd2 Ne7 14. Rhd1 Rad8 15. c5 a6 16. Kb2 Ng6 17. a4 Nf4 18. Bf1 Bf7 19. b5 axb5 20. axb5 Ne6
21. b6+ Kc8 22. Na4 Nb8 23. Rxd8+ Rxd8 24. Rxd8+ Kxd8 25. Bc4 Ke7 26. Kc3 Nd7 27. Kb4 Bg6 28. Bxe6 Kxe6 29. Nd2 Nf8 30. Nb2 Kd7
31. Nbc4 Kc8 32. Nd6+ Kb8 33. N2c4 Ne6 34. Na5 Nd8 35. g3 Bh5 36. f4 exf4 37. gxf4 Bg6 38. e5 fxe5 39. fxe5 Ne6 40. Naxb7 Bh5
41. Na5 Bf3 42. Kc4 Bd5+ 43. Kd3 Nxc5+ 44. Kd4 Ne6+ 45. Ke3 Bg2 46. Nf5 Bh1 47. Ne7 Nd8 48. Kd4 Ne6+ 49. Kc4 Nd8 50. Kc5 Ne6+
51. Kd6 Nd4 52. Nexc6+ Nxc6 53. Nxc6+ Kb7 54. Nd4 Kxb6 55. e6 Be4 56. e7 Bg6 57. Ne6 Kb7 58. Nxg7
1-0

[Event "jingle ring jingle all the sea"]
[Site "SchemingMind.com"]
[Date "2007.12.14"]
[Round "-"]
[White "Francisco Aquino"]
[Black "Archon"]
[Result "1/2-1/2"]
[WhiteCountry "BRA"]
[BlackCountry "CAN"]
[WhiteElo "1826"]
[WhiteRD "89"]
[BlackElo "1763"]
[BlackRD "53"]
[GameID "133345"]

1. e4 d6 2. d4 Nf6 3. Nc3 g6 4. Nf3 Bg7 5. Bc4 O-O 6. O-O Nxe4 7. Nxe4 d5 8. Bxd5 Qxd5 9. Re1 Bg4 10. c3 Bxf3
11. Qxf3 Nc6 12. b3 Qd7 13. Ba3 Rfe8 14. Nc5 Qc8 15. Rac1 Nd8 16. Ne4 a5 17. Ng5 e6 18. Qh3 h6 19. Nf3 e5 20. Qxc8 Rxc8
21. Nxe5 Ne6 22. Rc2 c5 23. dxc5 Nxc5 24. Bxc5 Rxc5 25. Nd3 Rxe1+ 26. Nxe1 Rxc3 27. Rxc3=
1/2-1/2

[Event "jingle ring jingle all the sea"]
[Site "SchemingMind.com"]
[Date "2007.12.14"]
[Round "-"]
[White "mq1982"]
[Black "maaac"]
[Result "0-1"]
[WhiteCountry "GBR"]
[BlackCountry "AUS"]
[WhiteElo "1592"]
[WhiteRD "71"]
[BlackElo "1886"]
[BlackRD "62"]
[GameID "133401"]

1. e4 c5 2. Nf3 d6 3. d4 cxd4 4. Nxd4 Nf6 5. Nc3 a6 6. Be2 e5 7. Nb3 Be7 8. O-O O-O 9. Qd3 Be6 10. Qg3 Nc6
11. Bh6 Ne8 12. Be3 b5 13. Nd2 f5 14. Bh6 f4 15. Qf3 gxh6
0-1

[Event "jingle ring jingle all the sea"]
[Site "SchemingMind.com"]
[Date "2007.12.14"]
[Round "-"]
[White "mq1982"]
[Black "1tamad"]
[Result "0-1"]
[WhiteCountry "GBR"]
[BlackCountry "USA"]
[WhiteElo "1592"]
[WhiteRD "71"]
[BlackElo "1776"]
[BlackRD "61"]
[GameID "133402"]

1. e4 d6 2. d4 Nf6 3. Nc3 g6 4. Nf3 Bg7 5. Bd3 O-O 6. Be3 Ng4 7. Bf4 Nd7 8. h3 Ngf6 9. Qd2 Re8 10. g4 e5
0-1

[Event "jingle ring jingle all the sea"]
[Site "SchemingMind.com"]
[Date "2007.12.14"]
[Round "-"]
[White "mq1982"]
[Black "Archon"]
[Result "0-1"]
[WhiteCountry "GBR"]
[BlackCountry "CAN"]
[WhiteElo "1592"]
[WhiteRD "71"]
[BlackElo "1790"]
[BlackRD "54"]
[GameID "133403"]

1. e4 d6 2. d4 Nf6 3. Nc3 g6 4. Nf3 Bg7 5. Bd3 Nc6 6. O-O O-O 7. Be3 e5 8. dxe5 dxe5 9. Qd2 Re8 10. Bh6 Bh8
11. Bg5 Be6 12. a4 a5 13. Nb5 Nb4 14. Nxe5 Nxe4 15. Qxb4 Nxg5 16. Qf4 Bd5
0-1

[Event "jingle ring jingle all the sea"]
[Site "SchemingMind.com"]
[Date "2007.12.14"]
[Round "-"]
[White "mq1982"]
[Black "Francisco Aquino"]
[Result "0-1"]
[WhiteCountry "GBR"]
[BlackCountry "BRA"]
[WhiteElo "1592"]
[WhiteRD "71"]
[BlackElo "1772"]
[BlackRD "75"]
[GameID "133406"]

1. e4 e5 2. Nf3 Nc6 3. c3 Nf6 4. d4 exd4 5. e5 Ng4 6. cxd4 d5 7. h3 Nh6 8. Bxh6 gxh6 9. Nc3 Rg8 10. Bb5 Rxg2
11. Qb3 Be6 12. Bf1 Rg6 13. Qxb7 Bf5 14. Qxc6+ Rxc6 15. Bb5 Qd7 16. Nh4 Be4
0-1

[Event "jingle ring jingle all the sea"]
[Site "SchemingMind.com"]
[Date "2007.12.15"]
[Round "-"]
[White "maaac"]
[Black "mq1982"]
[Result "1-0"]
[WhiteCountry "AUS"]
[BlackCountry "GBR"]
[WhiteElo "1886"]
[WhiteRD "62"]
[BlackElo "1592"]
[BlackRD "71"]
[GameID "133407"]

1. d4 Nf6 2. c4 e5 3. dxe5 Ng4 4. Nh3 Nxe5 5. e4 Bb4+ 6. Bd2 Bxd2+ 7. Nxd2 d6 8. Nf4 O-O 9. Be2 f5 10. exf5 Qg5
11. g3 Bxf5 12. O-O Nbd7 13. Nf3 Nxf3+ 14. Bxf3 Ne5 15. Bxb7 Rab8 16. Bd5+
1-0

[Event "jingle ring jingle all the sea"]
[Site "SchemingMind.com"]
[Date "2007.12.14"]
[Round "-"]
[White "Archon"]
[Black "mq1982"]
[Result "1-0"]
[WhiteCountry "CAN"]
[BlackCountry "GBR"]
[WhiteElo "1790"]
[WhiteRD "54"]
[BlackElo "1592"]
[BlackRD "71"]
[GameID "133409"]

1. Nf3 d5 2. c4 e6 3. g3 c6 4. Bg2 Nf6 5. b3 Bd6 6. Bb2 Qe7 7. O-O O-O 8. Qc2 Na6 9. cxd5 cxd5 10. d3 e5
11. Nbd2 Bg4 12. e4 d4 13. Nc4 Nb4 14. Qd2 h6 15. Nxd6 Qxd6 16. Ba3
1-0

[Event "jingle ring jingle all the sea"]
[Site "SchemingMind.com"]
[Date "2007.12.14"]
[Round "-"]
[White "Francisco Aquino"]
[Black "mq1982"]
[Result "1-0"]
[WhiteCountry "BRA"]
[BlackCountry "GBR"]
[WhiteElo "1772"]
[WhiteRD "75"]
[BlackElo "1592"]
[BlackRD "71"]
[GameID "133412"]

1. e4 e5 2. Nf3 Nc6 3. Bb5 a6 4. Bxc6 dxc6 5. O-O Bg4 6. Nc3 Qf6 7. d3 Ne7 8. Be3 Ng6 9. Kh1 Nh4 10. Kg1 Nxf3+
11. gxf3 Bxf3 12. Qd2 Qg6+ 13. Bg5 Qh5 14. Ne2 Bxe2 15. Qxe2
1-0

[Event "jingle ring jingle all the sea"]
[Site "SchemingMind.com"]
[Date "2007.12.15"]
[Round "-"]
[White "Kroll"]
[Black "maaac"]
[Result "1-0"]
[WhiteCountry "POL"]
[BlackCountry "AUS"]
[WhiteElo "1956"]
[WhiteRD "63"]
[BlackElo "1886"]
[BlackRD "62"]
[GameID "133450"]

1. d4 Nf6 2. c4 e6 3. Nc3 Bb4 4. Qc2 b6 5. a3 Bxc3+ 6. Qxc3 Ne4 7. Qc2 f5 8. Nf3 O-O 9. e3 Bb7 10. Be2 d6
11. O-O Nd7 12. Nd2 Qh4 13. Nf3 Qh6 14. Ne1 c5 15. f3 Ng5 16. b4 Rae8 17. Qa4 Re7 18. Qxa7 Ba8 19. bxc5 bxc5 20. dxc5 dxc5
21. Nd3 Rc8 22. Rd1 Qg6 23. Nf4 Qf6 24. Rxd7 Qxa1 25. Rxe7 Qxc1+ 26. Kf2
1-0

[Event "jingle ring jingle all the sea"]
[Site "SchemingMind.com"]
[Date "2007.12.15"]
[Round "-"]
[White "Kroll"]
[Black "1tamad"]
[Result "0-1"]
[WhiteCountry "POL"]
[BlackCountry "USA"]
[WhiteElo "1826"]
[WhiteRD "65"]
[BlackElo "1749"]
[BlackRD "66"]
[GameID "133451"]

1. d4 d5 2. c4 e6 3. Nc3 Nf6 4. Bg5 Be7 5. Nf3 O-O 6. e3 h6 7. Bh4 c6 8. Bd3 Nbd7 9. O-O Nh7 10. Bxe7 Qxe7
11. Qc2 Ng5 12. Nd2 Nf6 13. f4 Ngh7 14. e4 dxe4 15. Ndxe4 Nxe4 16. Nxe4 Nf6 17. Ng3 b6 18. Rae1 Qd6 19. Ne2 Bb7 20. f5 e5
21. dxe5 Qxe5 22. Kh1 Qd6 23. Ng3 Rad8 24. Rd1 Qc7 25. Ne4 Nxe4 26. Bxe4 c5 27. Bxb7 Qxb7 28. Rd2 Rxd2 29. Qxd2 Qe4 30. Qc3 Re8
31. f6 g5 32. b4 Qe2 33. Ra1 Qf2 34. bxc5 Qxc5 35. a4= a6 36. Qd3 Qe5 37. Rf1 Qe4 38. Qh3 Kh7 39. Qh5 Qg6 40. Qg4 Re6
41. Qd4 Qe4 42. Qd7 Kg6 43. Qd8 Kh7
0-1

[Event "jingle ring jingle all the sea"]
[Site "SchemingMind.com"]
[Date "2007.12.15"]
[Round "-"]
[White "Kroll"]
[Black "Archon"]
[Result "1/2-1/2"]
[WhiteCountry "POL"]
[BlackCountry "CAN"]
[WhiteElo "1914"]
[WhiteRD "68"]
[BlackElo "1776"]
[BlackRD "57"]
[GameID "133452"]

1. d4 d6 2. c4 e5 3. dxe5 dxe5 4. Qxd8+ Kxd8 5. Nc3 Be6 6. e4 Bb4 7. Bd2 Nf6 8. f3 c6 9. O-O-O Kc7 10. a3 Be7
11. h4 h5 12. Nh3 Nbd7 13. Ng5 Rad8 14. Nxe6+ fxe6 15. Bg5 a5 16. Be2 Rhf8 17. Rd2 Bc5 18. Rhd1 Bd4 19. Kc2 Bf2 20. Bf1 Bg3
21. Ne2 Bf2 22. Rd6 Rfe8 23. g3 Bc5 24. R6d2 Be7 25. Bh3 Nf8 26. Nc3 Rxd2+ 27. Rxd2 Rd8 28. Nd1 Rxd2+ 29. Kxd2 Kd7 30. Nf2 N8h7
31. Nd3 Bd6 32. c5 Bc7 33. Kc2 Nxg5 34. hxg5 Nh7 35. f4 exf4 36. gxf4 g6 37. b4 Nf8 38. Kc3 Ke7 39. Kc4 axb4 40. axb4 Nd7
41. b5 Ba5 42. bxc6 bxc6 43. Nb4 Nb8 44. Bg2 Kd7 45. e5 Bxb4 46. Kxb4 Na6+ 47. Kc4 Nc7 48. Be4 Nd5 49. Bxg6 Nxf4 50. Be4 h4
51. Kd4 Nd5 52. Bf3 h3 53. Kd3 Ke7 54. Kd2 Kf7 55. Be4 h2 56. Ke1 Ne7 57. Kf2 h1=Q 58. Bxh1 Kg6 59. Bg2 Kxg5 60. Bh3 Kf4
61. Bxe6=
1/2-1/2

[Event "jingle ring jingle all the sea"]
[Site "SchemingMind.com"]
[Date "2007.12.19"]
[Round "-"]
[White "Kroll"]
[Black "Schaakmaatje"]
[Result "0-1"]
[WhiteCountry "POL"]
[BlackCountry "NED"]
[WhiteElo "1914"]
[WhiteRD "68"]
[BlackElo "1739"]
[BlackRD "49"]
[GameID "133453"]

1. d4 Nf6 2. c4 e6 3. Nc3 Bb4 4. Qc2 d5 5. a3 Bxc3+ 6. Qxc3 Ne4 7. Qc2 f5 8. Nf3 O-O 9. Bf4 c6 10. cxd5 exd5
11. e3 Be6 12. Bd3 Nd7 13. O-O g5 14. Be5 g4 15. Nd2 Nxe5 16. Bxe4 fxe4 17. dxe5 Qg5 18. Qc3 h5 19. Qb4 Qxe5 20. Qxb7 Rab8
21. Qxc6 Rfc8 22. Qa6 Rxb2 23. Rfd1 Rxd2
0-1

[Event "jingle ring jingle all the sea"]
[Site "SchemingMind.com"]
[Date "2007.12.19"]
[Round "-"]
[White "Kroll"]
[Black "josecapa"]
[Result "0-1"]
[WhiteCountry "POL"]
[BlackCountry "JAM"]
[WhiteElo "1826"]
[WhiteRD "65"]
[BlackElo "2018"]
[BlackRD "86"]
[GameID "133454"]

1. d4 d5 2. c4 c6 3. Nf3 Nf6 4. Nc3 dxc4 5. e4 b5 6. e5 Nd5 7. a4 h6 8. axb5 Nxc3 9. bxc3 cxb5 10. Ba3 Bg4
11. Be2 Nd7 12. O-O e6 13. Bxf8 Nxf8 14. h3 Bh5 15. Nd2 Bxe2 16. Qxe2 Nd7 17. Qe4 Nb6 18. Qc6+ Qd7 19. Qxd7+ Kxd7 20. Ra5 Kc6
0-1

[Event "jingle ring jingle all the sea"]
[Site "SchemingMind.com"]
[Date "2007.12.15"]
[Round "-"]
[White "Kroll"]
[Black "mq1982"]
[Result "1-0"]
[WhiteCountry "POL"]
[BlackCountry "GBR"]
[WhiteElo "1956"]
[WhiteRD "63"]
[BlackElo "1592"]
[BlackRD "71"]
[GameID "133455"]

1. d4 Nf6 2. c4 e5 3. dxe5 Ng4 4. Nf3 Bb4+ 5. Nbd2 Nc6 6. a3 Bxd2+ 7. Bxd2 Ngxe5 8. e3 O-O 9. Bc3 d6 10. Be2 Re8
11. O-O Nxf3+ 12. Bxf3 Qh4 13. Bxc6 bxc6 14. Qd4 Qg5 15. h4
1-0

[Event "jingle ring jingle all the sea"]
[Site "SchemingMind.com"]
[Date "2007.12.15"]
[Round "-"]
[White "Kroll"]
[Black "Francisco Aquino"]
[Result "1-0"]
[WhiteCountry "POL"]
[BlackCountry "BRA"]
[WhiteElo "1956"]
[WhiteRD "63"]
[BlackElo "1772"]
[BlackRD "75"]
[GameID "133456"]

1. d4 d5 2. c4 c6 3. Nf3 Nf6 4. Nc3 Bf5 5. Qb3 b6 6. Bf4 e6 7. e3 Bd6 8. Bg5 Nbd7 9. cxd5 cxd5 10. Bb5 O-O
11. Qa4 Qc7 12. Rc1 a6 13. Bxd7 Qxd7 14. Bxf6 Qxa4 15. Nxa4 gxf6 16. Nxb6 Ra7 17. O-O Rb7 18. Nc8 Rd8 19. Nxd6 Rxd6 20. b3 Rd8
21. Rc3 Kh8 22. Rfc1 Rdd7 23. Nh4 Be4 24. f3 Bg6 25. Nxg6+ fxg6= 26. Rc6 Re7 27. Rxa6 Kg7 28. Rcc6 Kf7 29. e4 dxe4 30. fxe4 Ra7
31. Rxa7 Rxa7 32. a4 Rb7 33. Rc3 Ke7 34. a5 Kd6 35. Kf2 Rb4 36. Ke3 h5 37. a6 Rb6 38. e5+ fxe5 39. dxe5+ Kxe5 40. Rc5+ Kd6
41. Ra5 Rxb3+ 42. Kf4 Rb4+ 43. Kg5 Rg4+ 44. Kh6 e5 45. a7
1-0

[Event "jingle ring jingle all the sea"]
[Site "SchemingMind.com"]
[Date "2007.12.15"]
[Round "-"]
[White "maaac"]
[Black "Kroll"]
[Result "0-1"]
[WhiteCountry "AUS"]
[BlackCountry "POL"]
[WhiteElo "1886"]
[WhiteRD "62"]
[BlackElo "1956"]
[BlackRD "63"]
[GameID "133457"]

1. d4 Nf6 2. c4 e6 3. g3 d5 4. Bg2 Be7 5. Nf3 O-O 6. O-O dxc4 7. Qc2 a6 8. Qxc4 b5 9. Qc2 Bb7 10. Bf4 Bd6
11. Nc3 Nbd7 12. a3 Bxf4 13. gxf4 Rc8 14. b4 Nb6 15. e4 Nc4 16. e5 Nd5 17. Ng5 g6 18. Nge4 Kg7 19. Nc5 Bc6 20. Nxa6 Ra8
21. f5 Rxa6 22. f6+ Kh8 23. Qc1 Nxc3 24. Qxc3 Bxg2 25. Kxg2 Qd5+ 26. Kg1 Rc6 27. Qh3 Nd2 28. Qh6 Nf3+ 29. Kg2 Ne1+
0-1

[Event "jingle ring jingle all the sea"]
[Site "SchemingMind.com"]
[Date "2007.12.15"]
[Round "-"]
[White "1tamad"]
[Black "Kroll"]
[Result "0-1"]
[WhiteCountry "USA"]
[BlackCountry "POL"]
[WhiteElo "1784"]
[WhiteRD "68"]
[BlackElo "1914"]
[BlackRD "68"]
[GameID "133458"]

1. d4 Nf6 2. e3 e6 3. Bd3 d5 4. Nd2 c5 5. c3 Nc6 6. f4 Bd6 7. Ngf3 c4 8. Bc2 Ng4 9. Qe2 Qc7 10. Ne5 Ngxe5
11. fxe5 Be7 12. O-O O-O 13. Rf3 f5 14. Rh3 Bg5 15. Qh5 Bh6 16. Nf3 Qf7 17. Qh4 Ne7 18. Bd2 Ng6= 19. Qf2 a5 20. Nh4 a4
21. a3 Bd7 22. Bd1 Bg5 23. Qg3 Bxh4 24. Rxh4 Nxh4 25. Be1 f4 26. Qxh4 fxe3 27. Be2 Qf5 28. Bg3 Qc2 29. Bg4 e2 30. Qe7 Qe4
31. Bf3 Rxf3 32. gxf3 Qd3 33. Re1 Rf8 34. f4 Qe3+ 35. Kg2 Bc8 36. Qb4= g5 37. fxg5 Qf3+ 38. Kh3 Qf1+ 39. Kh4 Rf4+ 40. Bxf4 Qxe1+
41. Bg3 Qxg3+ 42. hxg3 e1=Q 43. Qb6 Qh1+ 44. Kg4 Qe4+ 45. Kh3 Qf5+ 46. Kh4 Qf8 47. Qb5 Qd8 48. Kh5 Qd7 49. Qc5 Qf7+ 50. Kh4 Bd7
51. Qd6 Be8 52. Kg4 Qf5+ 53. Kh4 h5
0-1

[Event "jingle ring jingle all the sea"]
[Site "SchemingMind.com"]
[Date "2007.12.15"]
[Round "-"]
[White "Archon"]
[Black "Kroll"]
[Result "0-1"]
[WhiteCountry "CAN"]
[BlackCountry "POL"]
[WhiteElo "1763"]
[WhiteRD "53"]
[BlackElo "1903"]
[BlackRD "71"]
[GameID "133459"]

1. Nf3 d5 2. c4 dxc4 3. e3 Be6 4. Na3 Nc6 5. Nxc4 Bd5 6. Be2 e6 7. d4 Bb4+ 8. Bd2 Qe7 9. O-O Bxd2 10. Qxd2 Qb4
11. Nce5 Qxd2 12. Nxd2 Nxe5 13. dxe5 Ne7 14. f4 Rd8 15. Rfd1 O-O 16. Bf3 Bxf3 17. Nxf3 Nf5 18. Kf2 f6 19. exf6 gxf6 20. Ke2 Kf7
21. g3 Ke7 22. e4 Nd6 23. e5 Nc4 24. exf6+ Kxf6 25. b3 Nd6 26. Ne5 Ne4 27. Rxd8 Rxd8 28. Rc1 c6 29. Rc2 Kf5 30. Ke3 Nf6
31. Rd2 Rxd2 32. Kxd2 Ng4 33. h3 Nxe5 34. Ke3 Ng6
0-1

[Event "jingle ring jingle all the sea"]
[Site "SchemingMind.com"]
[Date "2007.12.19"]
[Round "-"]
[White "Schaakmaatje"]
[Black "Kroll"]
[Result "1-0"]
[WhiteCountry "NED"]
[BlackCountry "POL"]
[WhiteElo "1739"]
[WhiteRD "49"]
[BlackElo "1914"]
[BlackRD "68"]
[GameID "133460"]

1. e4 e6 2. Nf3 d5 3. exd5 exd5 4. d4 Bd6 5. Bd3 Bg4 6. O-O Ne7 7. Bg5 f6 8. Bh4 O-O 9. Nbd2 Nbc6 10. c3 Nf5
11. Qc2 Qd7 12. Rae1 h6 13. h3 Nxh4 14. Nxh4 Bxh3 15. Bh7+ Kh8 16. Ng6+ Kxh7 17. Nxf8+ Kg8 18. Nxd7 Bxd7 19. Re2 Na5 20. b3 Nc6
21. f4 Ne7 22. f5 c5 23. dxc5 Bxc5+ 24. Kh1 Nc6 25. Nf3 Ne7 26. Nd4 Rc8 27. Ne6 Rc6 28. Qd3
1-0

[Event "jingle ring jingle all the sea"]
[Site "SchemingMind.com"]
[Date "2007.12.19"]
[Round "-"]
[White "josecapa"]
[Black "Kroll"]
[Result "1/2-1/2"]
[WhiteCountry "JAM"]
[BlackCountry "POL"]
[WhiteElo "1934"]
[WhiteRD "86"]
[BlackElo "1956"]
[BlackRD "63"]
[GameID "133461"]

1. d4 Nf6 2. c4 e6 3. Nf3 d5 4. Bg5 dxc4 5. Nc3 Be7 6. e3 O-O 7. Bxc4 b6 8. O-O Bb7 9. Ne5 Nbd7 10. Nxd7 Nxd7
11. Bxe7 Qxe7 12. Bd3 Qg5 13. Be4 Bxe4 14. Nxe4 Qd5=
1/2-1/2

[Event "jingle ring jingle all the sea"]
[Site "SchemingMind.com"]
[Date "2007.12.15"]
[Round "-"]
[White "mq1982"]
[Black "Kroll"]
[Result "0-1"]
[WhiteCountry "GBR"]
[BlackCountry "POL"]
[WhiteElo "1592"]
[WhiteRD "71"]
[BlackElo "1956"]
[BlackRD "63"]
[GameID "133462"]

1. e4 e6 2. d4 d5 3. Nc3 Nf6 4. e5 Nfd7 5. Nf3 a6 6. Bd3 c5 7. O-O cxd4 8. Ne2 Bc5 9. Re1 Nc6 10. Bf4 Qb6
11. Rb1 Qc7
0-1

[Event "jingle ring jingle all the sea"]
[Site "SchemingMind.com"]
[Date "2007.12.15"]
[Round "-"]
[White "Francisco Aquino"]
[Black "Kroll"]
[Result "0-1"]
[WhiteCountry "BRA"]
[BlackCountry "POL"]
[WhiteElo "1772"]
[WhiteRD "75"]
[BlackElo "1956"]
[BlackRD "63"]
[GameID "133463"]

1. e4 e6 2. Nf3 d5 3. e5 c5 4. Bb5+ Nc6 5. O-O Bd7 6. Nc3 Qb6 7. Bxc6 Bxc6 8. d4 cxd4 9. Qxd4 Qxd4 10. Nxd4 Rc8
11. Be3 a6 12. a3 g6 13. Nxc6 Rxc6 14. Rac1 Bxa3 15. Na4 Be7 16. Rfe1 b5 17. Nc3 Bb4 18. Re2 Bxc3 19. bxc3 Rxc3 20. Ra1 Rc6
21. h3 Ne7 22. g4 Kd7 23. Bg5 Rhc8 24. Ra2 R8c7 25. Bxe7= Kxe7 26. Kg2 Kd8 27. f4 Kc8 28. Kf3 Rc3+ 29. Kg2= Kb7 30. Rd2 R7c4
31. Rf2 Ra4 32. Rxa4 bxa4 33. h4 a3 34. Rf1 Rxc2+ 35. Kf3 Kb6 36. Ra1 a2 37. Ke3 Kb5 38. Kd3 Rh2 39. Ke3 Kb4 40. h5 Kb3
41. hxg6 hxg6
0-1